Teoría y diseño de sistemas de tratamiento de agua potable
Saved in:
| Corporate Author: | |
|---|---|
| Format: | Book |
| Language: | Spanish |
| Published: |
Santiago
Universidad de Chile
1973
|
| Series: | Publicación C-23
|
| Subjects: | |
| Tags: |
Add Tag
No Tags, Be the first to tag this record!
|
MARC
| LEADER | 00000nam a2200000 a 4500 | ||
|---|---|---|---|
| 001 | UCU6218 | ||
| 003 | CL-VaPUC | ||
| 008 | 960614e19730000CL |||||||||||||||||spa|d | ||
| 082 | 0 | 4 | |a 628.162 |b UNI |2 21 |
| 110 | 2 | |a Universidad de Chile |e author |9 364392 | |
| 245 | 1 | 0 | |a Teoría y diseño de sistemas de tratamiento de agua potable |
| 300 | |a 472 p | ||
| 942 | |c BK | ||
| 945 | |d 19960614 00:00:00 |a paguirre | ||
| 260 | |a Santiago |b Universidad de Chile |c 1973 | ||
| 650 | 0 | |a Agua |9 257149 | |
| 650 | 0 | |a Agua potable |9 260375 | |
| 650 | 0 | |a Tratamiento del agua |9 262889 | |
| 650 | 0 | |a Tecnología química |9 263002 | |
| 650 | 0 | |a Tecnología sanitaria |9 262722 | |
| 583 | |a last modification |c 19960614 00:00:00 |k Rodrigo Vera | ||
| 490 | 0 | |a Publicación C-23 | |
| 999 | |c 249235 |d 249233 | ||
| 952 | |0 0 |1 0 |4 0 |6 628_162000000000000_UNI_1973 |7 0 |8 A |9 266390 |a BIBING |b BIBING |d 2019-11-19 |i 1684566 |o 628.162 UNI 1973 |p 1684566 |r 2025-01-20 |w 2019-11-19 |y BK |k CCL | ||
| 952 | |0 0 |1 0 |4 0 |6 628_162000000000000_UNI_1973 |7 0 |8 A |9 266391 |a BIBING |b BIBING |d 2019-11-19 |i 1685147 |o 628.162 UNI 1973 |p 1685147 |r 2025-01-20 |w 2019-11-19 |y BK |k CCL | ||